[Event "SJRH-ch U14"]
[Site "Worms"]
[Date "2001.01.02"]
[Round "5"]
[White "Schulte, Lukas"]
[Black "Hoch, Sebastian"]
[Result "0-1"]
[WhiteElo "1143"]
[BlackElo "1043"]
[PlyCount "38"]
[EventDate "2001.02.??"]
[EventType "swiss"]
[EventRounds "7"]
[EventCountry "GER"]
[SourceTitle "EXT 2003"]
[Source "ChessBase"]
[SourceDate "2002.11.25"]
[SourceVersion "1"]
[SourceVersionDate "2002.11.25"]
[SourceQuality "1"]

1. e4 e5 2. Nf3 Nc6 3. Bb5 d6 4. 0-0 Nf6 5. Nc3 Bg4 6. h3 Bh5 7. d3 Be7 8. Bg5 h6 9. Bh4 0-0 10. Qd2 Bxf3 11. Bxc6 Bxg2 12. Bxb7 Bxf1 13. Bxa8 Bxh3 14. Bc6 Qc8 15. Qe3 Nh5 16. Bxe7 Qg4+ 17. Qg3 Nxg3 18. f3 Qxf3 19. Bxf8 Qg2# 0-1